000 01592cam a22002413a 4500
001 8092
003 PGUSA
005 20140828083152.0
008 050501s2005||||xxu|||||s|||||000 e eng d
040 _aPGUSA
_beng
042 _adc
050 4 _aPR
100 1 _aChesterton, G. K.
_q(Gilbert Keith),
_d1874-1936
245 1 0 _aTremendous Trifles
_h[electronic resource] /
_cG. K. Chesterton
260 _bProject Gutenberg,
_c2005
505 0 _aPreface -- Tremendous trifles -- A piece of chalk -- The secret of a train -- The perfect game -- The extraordinary cabman -- An accident -- The advantages of having one leg -- The end of the world -- In the Place de La Bastille -- On lying in bed -- The twelve men -- The wind and the trees -- The Dickensian -- In topsy-turvy land -- What I found in my pocket -- The dragon's grandmother -- The red angel -- The tower -- How I met the president -- The giant -- A great man -- The orthodox barber -- The toy theatre -- A tragedy of twopence -- A cab ride across country -- The two noises -- Some policemen and a moral -- The lion -- Humanity: an interlude -- The little birds who won't sing -- The riddle of the ivy -- The travellers in state -- The prehistoric railway station -- The diabolist -- A glimpse of my country -- A somewhat improbable story -- The shop of ghosts -- The ballade of a strange town -- The mystery of a pageant.
506 _aPublic domain in the USA.
516 _aElectronic text
653 _aEnglish essays
830 0 _aProject Gutenberg
_v8092
856 4 0 _uhttp://www.gutenberg.org/ebooks/8092
942 _cEB
999 _c237392
_d237392